Mastering Microsoft Exchange Server 2003

With this comprehensive guide, you’ll find out how to effectively install, configure, and manage Microsoft’s powerful messaging and collaboration server, Exchange Server 2007. From reducing the amount of spam your company receives to ensuring you have the right disaster recovery strategy, authors Ba...

詳細記述

保存先:
書誌詳細
第一著者: Gerber, Barry
フォーマット: 図書
言語:Undetermined
出版事項: San Francisco Sybex 2003
主題:
タグ: タグ追加
タグなし, このレコードへの初めてのタグを付けませんか!
Thư viện lưu trữ: Trung tâm Học liệu Trường Đại học Cần Thơ
LEADER 01178nam a2200217Ia 4500
001 CTU_162645
008 210402s9999 xx 000 0 und d
020 |c 29.99 
082 |a 005.113 
082 |b G362 
100 |a Gerber, Barry 
245 0 |a Mastering Microsoft Exchange Server 2003 
245 0 |c Barry Gerber 
260 |a San Francisco 
260 |b Sybex 
260 |c 2003 
520 |a With this comprehensive guide, you’ll find out how to effectively install, configure, and manage Microsoft’s powerful messaging and collaboration server, Exchange Server 2007. From reducing the amount of spam your company receives to ensuring you have the right disaster recovery strategy, authors Barry Gerber and Jim McBee share their extensive real-world experience as they walk you step-by-step through each process. You’ll learn the essential techniques for planning and design, deployment, administration, maintenance, and troubleshooting. 
650 |a Databases management,Client/server computing 
650 |x Quản lý dữ liệu,Điện toán khách chủ 
904 |i Trọng Hiếu 
980 |a Trung tâm Học liệu Trường Đại học Cần Thơ